Boss de Dark Souls 3 - Statistiques

Statistiques générales
  • Ce quiz a été pris 1 293 fois
  • Le résultat moyen est 12 sur 25
Statistiques - réponses
Localisation Boss % Correct
Grand mur de Lothric Danseuse de la Vallée Boréale
74%
Grand mur de Lothric Vordt de la Vallée Boréale
73%
Grandes Archives Lorian, prince aîné et Lothric, prince cadet
67%
Pic du Dragon ancien Roi sans nom
64%
Cité enclavée Gael chevalier-esclave
62%
Bastion de Farron Veilleurs des Abysses
60%
Cimetière des Cendres Iudex Gundyr
55%
Anor Londo Aldrich, Dévoreur des dieux
54%
Capitale profanée Yhorm le Géant
52%
Jardin du Roi Illuminé Oceiros, le Roi illuminé
51%
Monde Peint d'Ariandel Friede
50%
Kiln de la Première Flamme Âme des Cendres
49%
Sépultures Oubliées Champion Gundyr
49%
Cathédrale des Profondeurs Diacres des Profondeurs
49%
Irithyll de la Vallée Boréale Grand-maître Sulyvahn
45%
Cité enclavée Midir, Fléau des Ténèbres
45%
Route des Sacrifices Sage de Cristal
45%
Catacombes de Carthus Chef suprême Wolnir
43%
Château de Lothric Armure du Tueur de dragons
41%
Village des Mort-vivants Arbre géant maudit
32%
Pic du Dragon ancien Vouivre ancienne
31%
Lac incandescent Vieux Roi démoniaque
28%
Capharnaüm des Confins Prince démoniaque
19%
Cité enclavée Aube, Lance de l'Eglise
17%
Monde Peint d'Ariandel Champion et Grand Loup garde-stèle
11%
Aucun quiz correspondant
Distribution des résultats
% des personnes avec chaque résultat
Percentile par nombre de réponses
Votre historique - résultats
Vous n’avez pas pris ce quiz